Normal view
MARC view
- فلسطين- تاريخ - تحدي السلام
Entry Topical Term
001 - CONTROL NUMBER
- control field: 9338
003 - CONTROL NUMBER IDENTIFIER
- control field: JO-AjAnu
005 - DATE AND TIME OF LATEST TRANSACTION
- control field: 20230606071813.0
008 - FIXED-LENGTH DATA ELEMENTS
- fixed length control field: 230606|| aca||aabn | a|a d
040 ## - CATALOGING SOURCE
- Original cataloging agency: JO-AjAnu
- Transcribing agency: JO-AjAnu
150 ## - HEADING--TOPICAL TERM
- Topical term or geographic name entry element: فلسطين- تاريخ - تحدي السلام
670 ## - SOURCE DATA FOUND
- Source citation: Work cat.: (JO-AjAnu)4815: تاليف ابو اياد، صلاج خلف؛ تحرير وتصويب أبو حجلة، فؤاد, author 9337, فلسطيني بلا هوية